Papers contributed to the workshop on the use of cyprinids in the fisheries management of larger inland water bodies of the Indo-Pacific : Kathmandu, Nepal, 8-10 September 1988 and country reports presented at the fourth session of the Indo-Pacific fishery commission working party of experts on inland fisheries Kathmandu, Nepal, 8-14 September 1988
The report provides a presentation of the workshop on the use of cyprinids in the fisheries management of larger inland water bodies of the Indo-Pacific
保存先:
| フォーマット: | 図書 |
|---|---|
| 言語: | Undetermined |
| 出版事項: |
Rome
FAO
1989
|
| 主題: | |
| タグ: |
タグ追加
タグなし, このレコードへの初めてのタグを付けませんか!
|
| Thư viện lưu trữ: | Trung tâm Học liệu Trường Đại học Cần Thơ |
|---|
| LEADER | 00977nam a2200193Ia 4500 | ||
|---|---|---|---|
| 001 | CTU_160285 | ||
| 008 | 210402s9999 xx 000 0 und d | ||
| 082 | |a 338.3727 | ||
| 082 | |b P214/1989 | ||
| 245 | 0 | |a Papers contributed to the workshop on the use of cyprinids in the fisheries management of larger inland water bodies of the Indo-Pacific : | |
| 245 | 0 | |b Kathmandu, Nepal, 8-10 September 1988 and country reports presented at the fourth session of the Indo-Pacific fishery commission working party of experts on inland fisheries Kathmandu, Nepal, 8-14 September 1988 | |
| 245 | 0 | |c Edited by T. Petr | |
| 260 | |a Rome | ||
| 260 | |b FAO | ||
| 260 | |c 1989 | ||
| 520 | |a The report provides a presentation of the workshop on the use of cyprinids in the fisheries management of larger inland water bodies of the Indo-Pacific | ||
| 650 | |a Fishery management,Fisheries,Quản lý nghề cá | ||
| 904 | |i Năm | ||
| 980 | |a Trung tâm Học liệu Trường Đại học Cần Thơ | ||